000
00269nam a22001217a 4500
008
170928b xxu||||| |||| 00| 0 eng d
041
_a
eng
080
_a
37
100
_a
47
101
_a
edu
245
_a
COME BACK HERE CROCODILE
_c
BRIDGE.C.A
942
_2
udc
_c
BK
999
_c
30355
_d
30355